000 00444nam a2200181Ia 4500
001 46635
008 140429s9999 xx 000 0 und d
020 _aNA
040 _cPK-LaUMT
082 _aRHC 891.551
_bASL-N
100 _aAslam Ansari
245 _aNegar-e-khater (Persian)
_cAslam Ansari
260 _aLahore,Pakistan:
_bNirali Kitaben,
_c2005
300 _a152 p.
546 _aPersian
650 _aFarsi literature
942 _cBK
999 _c44584
_d44584